|
|
|
|
| LEADER |
01431nam a2200361 a 4500 |
| 001 |
23975 |
| 003 |
BD-DhAAL |
| 005 |
20230607115253.0 |
| 008 |
111210s2001 nyu b 000 0 eng |
| 010 |
|
|
|a 00062707
|
| 020 |
|
|
|a 1900039583
|
| 020 |
|
|
|a 0333786777
|
| 040 |
|
|
|a DLC
|c DLC
|d DLC
|d BD-DhAAL
|
| 042 |
|
|
|a pcc
|
| 043 |
|
|
|a cl-----
|
| 050 |
0 |
0 |
|a HQ1460.5
|b .M64 2001
|
| 082 |
0 |
0 |
|a 305.42098
|2 21
|
| 100 |
1 |
|
|a Molyneux, Maxine.
|9 7001
|
| 245 |
1 |
0 |
|a Women's movements in international perspective :
|b Latin America and beyond /
|c Maxine Molyneux.
|
| 260 |
|
|
|a New York :
|b Palgrave,
|c c2001.
|
| 300 |
|
|
|a ix, 244 pages ;
|c 22 cm.
|
| 490 |
0 |
|
|a Institute of Latin American Studies series
|
| 504 |
|
|
|a Includes bibliographical references (pages 203-239) and index.
|
| 541 |
|
|
|e 23975
|
| 650 |
|
0 |
|a Feminism
|z Latin America
|x History
|y 19th century.
|9 54539
|
| 650 |
|
0 |
|a Feminism
|z Latin America
|x History
|y 20th century.
|9 54540
|
| 650 |
|
0 |
|a Women
|z Latin America
|x Social conditions
|y 19th century.
|9 54541
|
| 650 |
|
0 |
|a Women
|z Latin America
|x Social conditions
|y 20th century.
|9 54542
|
| 830 |
|
|
|a Institute of Latin American Studies series
|9 54543
|
| 852 |
1 |
|
|a Ayesha Abed Library
|c General Stacks
|
| 942 |
|
|
|2 ddc
|c BK
|
| 999 |
|
|
|c 11551
|d 11551
|
| 952 |
|
|
|0 0
|1 0
|2 ddc
|4 0
|6 305_420980000000000_MOL
|7 0
|9 18801
|a BIGD
|b BIGD
|c GEN
|d 2011-12-10
|l 0
|o 305.42098 MOL
|p 3050023975
|r 2011-12-10
|t 1
|w 2011-12-10
|y BK
|x Transferred from BDI to BIGD.
|